21 actions to boost organic farming (Record no. 117510)

MARC details
000 -LEADER
fixed length control field 01126cam a2200217 4500
001 - CONTROL NUMBER
control field WB4023-16
008 - FIXED-LENGTH DATA ELEMENTS--GENERAL INFORMATION
fixed length control field 040614n2004 000 0 eng u
035 ## - SYSTEM CONTROL NUMBER
System control number (Sirsi) u126472
245 ## - TITLE STATEMENT
Title 21 actions to boost organic farming
260 ## - PUBLICATION, DISTRIBUTION, ETC.
Date of publication, distribution, etc. 2004
490 ## - SERIES STATEMENT
Series statement European Commission Press Release
Volume/sequential designation (IP/04/730) 10 June 2004, (2)
520 ## - SUMMARY, ETC.
Summary, etc. The EU has adopted the European Action Plan for Organic Food and Farming which aims to facilitate the ongoing development of organic farming. The plan includes a 21 action list which includes improving information about organic farming, streamlining public support via rural development and improving production standards or strengthening research. Organic farming and the demand for organic produce have increased rapidly in recent years. http://www.europa.eu.int/rapid/pressReleasesAction .do?reference=IP/04/730&format=HTML&aged=0&languag e=EN&guiLanguage=en
590 ## - LOCAL NOTE (RLIN)
Local note WB
590 ## - LOCAL NOTE (RLIN)
Local note WB
650 ## - SUBJECT ADDED ENTRY--TOPICAL TERM
Topical term or geographic name entry element ORGANIC FARMING
650 ## - SUBJECT ADDED ENTRY--TOPICAL TERM
Topical term or geographic name entry element ORGANIC PRODUCE
650 ## - SUBJECT ADDED ENTRY--TOPICAL TERM
Topical term or geographic name entry element CONSUMER DEMAND
650 ## - SUBJECT ADDED ENTRY--TOPICAL TERM
Topical term or geographic name entry element EUROPEAN UNION
690 ## - LOCAL SUBJECT ADDED ENTRY--TOPICAL TERM (OCLC, RLIN)
Topical term or geographic name as entry element RURAL-AGRICULTURE AND FORESTRY
942 ## - ADDED ENTRY ELEMENTS (KOHA)
Suppress in OPAC 0
Holdings
Withdrawn status Lost status Source of classification or shelving scheme Damaged status Not for loan Home library Current library Shelving location Date acquired Total Checkouts Full call number Barcode Date last seen Copy number Price effective from Koha item type
    Dewey Decimal Classification     London London News article 14/06/2004   WB4023-16 126472-1001 06/08/2019 1 06/08/2019 News article